El caminante y su sombra

Furkejuvvon:
Bibliográfalaš dieđut
Materiálatiipa: Girji
Giella:espánnjágiella
Almmustuhtton: Madrid M. E 1994
Ráidu:Colección Clásicos de Siempre, 53
Fáttát:
Fáddágilkorat: Lasit fáddágilkoriid
Eai fáddágilkorat, Lasit vuosttaš fáddágilkora!

MARC

LEADER 00000cam a2200000 a 4500
001 UCU7388
003 CL-VaPUC
008 960705e19940000SP |||||||||||||||||spa|d
020 |a 8449500532 
082 0 4 |a 193  |b NIE  |2 21 
245 1 3 |a El caminante y su sombra 
300 |a 171 p 
942 |c BK 
945 |d 19960705 00:00:00  |a rbrito 
260 |a Madrid  |b M. E  |c 1994 
650 0 |a Filosofía alemana   |9 265002 
583 |a last modification  |c 20140121 06:51:42  |k Rodrigo Vera 
490 0 |a Colección Clásicos de Siempre, 53 
999 |c 250045  |d 250043 
952 |0 0  |1 0  |4 0  |6 193_000000000000000_NIE_1994  |7 0  |8 A  |9 267777  |a BIBEDU  |b BIBEDU  |d 2019-11-19  |i 4936396  |l 1  |o 193 NIE 1994  |p 4936396  |r 2023-07-07  |s 2023-07-07  |w 2019-11-19  |y BK  |k LIT 
952 |0 0  |1 0  |3 erb  |4 0  |6 193_000000000000000_NIE_1994  |7 0  |8 A  |9 267778  |a BIBEDU  |b BIBEDU  |e Villagrán Garnham, Jorge  |i 5159857  |l 1  |o 193 NIE 1994  |p 5159857  |r 2024-09-23  |s 2024-09-17  |w 2019-11-19  |y BK  |z Catalogado en:20150416  |k FIL